000 00650nam a2200217Ia 4500
003 OSt
005 20220923221632.0
006 a|||||r|||| 00| 0
007 ta
008 220922b |||||||| |||| 00| 0 hin d
024 _a198,851
037 _cTextual
040 _aARTS
_cARTS
_bhin
041 _2hin
_ahin
082 _aP152:90z, G5
100 _aपांडे, चन्द्रबलि
245 0 _aकचहरी की भाषा और लिपि
246 _aKachaharī kī bhāṣhā aur lipi
942 _hP152:90z, G5
_cTEXL
_2CC
999 _c350657
_d350657